000 00597nam a2200241 a 4500
001 nice12345678
003 IN_TiNIC
005 20260116014248.0
008 050524s2004 dela grp 000 0 urd
020 _a
_c120
082 0 0 _a297.1
_bABD1
100 _aAbdul Rasheed, Mian
245 _aIslam Aur Tameer-E-Shakhsiyat
260 _aDelhi
_bMaktaba Alhasnat
_c2004
300 _a302p
500 _aincludes index and biblioraphy
505 2 _aReference
650 _aIslam and Social Problems
700 1 _aAbdul Rasheed, Mian
902 _bSRS
942 _cBK
999 _c14562
_d14562